ბათუმის შოთა რუსთაველის სახელმწიფო უნივერსიტეტის ბიბლიოთეკა

Органическая химия : в 3 т. т.1: (ბიბ.ჩანაწერი № 53770)

000 -LEADER
fixed length control field 00934nam a2200277Ia 4500
001 - CONTROL NUMBER
control field 20819
003 - CONTROL NUMBER IDENTIFIER
control field GE_BSU
005 - DATE AND TIME OF LATEST TRANSACTION
control field 20210421133413.0
008 - FIXED-LENGTH DATA ELEMENTS--GENERAL INFORMATION
fixed length control field 181216s2017||||ru |||||||||||||| ||rus||
020 ## - INTERNATIONAL STANDARD BOOK NUMBER
International Standard Book Number ISBN:9785001010234
040 ## - CATALOGING SOURCE
Transcribing agency GE_BSU
041 ## - LANGUAGE CODE
Language code of text/sound track or separate title rus
080 ## - UNIVERSAL DECIMAL CLASSIFICATION NUMBER
Universal Decimal Classification number 547(075.8) Т-65
100 ## - MAIN ENTRY--PERSONAL NAME
Personal name Травень, В.Ф.
9 (RLIN) 11485
245 ## - TITLE STATEMENT
Title Органическая химия : в 3 т. т.1:
Remainder of title Учебное пособие для вузов /
Statement of responsibility, etc. В.Ф. Травень.
250 ## - EDITION STATEMENT
Edition statement 5-е издание
264 ## - PRODUCTION, PUBLICATION, DISTRIBUTION, MANUFACTURE, AND COPYRIGHT NOTICE
Place of production, publication, distribution, manufacture Москва :
Name of producer, publisher, distributor, manufacturer Лаборатория знаний,
Date of production, publication, distribution, manufacture, or copyright notice 2017.
300 ## - PHYSICAL DESCRIPTION
Extent 368стр,ил,23см
440 ## - SERIES STATEMENT/ADDED ENTRY--TITLE
Title Учебник для высшей школы
9 (RLIN) 11486
500 ## - GENERAL NOTE
General note библиогр. : стр. 365-368
653 ## - INDEX TERM--UNCONTROLLED
keyword Органическая химия
653 ## - INDEX TERM--UNCONTROLLED
keyword ორგანული ქიმია
653 ## - INDEX TERM--UNCONTROLLED
keyword ქიმია
942 ## - ADDED ENTRY ELEMENTS (KOHA)
Koha item type წიგნი
Source of classification or shelving scheme
ეგზემპლარები
Withdrawn status Lost status Source of classification or shelving scheme Damaged status Not for loan Permanent Location Current Location Shelving location Date acquired Cost, normal purchase price Full call number Barcode Date last seen Copy number Price effective from Koha item type Public note
          ბათუმის შოთა რუსთაველის სახელმწიფო უნივერსიტეტის მთავარი ბიბლიოთეკა ბათუმის შოთა რუსთაველის სახელმწიფო უნივერსიტეტის მთავარი ბიბლიოთეკა წიგნსაცავი 2018-12-17 41.00 547(075.8) Т-65 54215 2018-12-17 54215 2018-12-17 წიგნი 41.00 GEL.
          ბათუმის შოთა რუსთაველის სახელმწიფო უნივერსიტეტის მთავარი ბიბლიოთეკა ბათუმის შოთა რუსთაველის სახელმწიფო უნივერსიტეტის მთავარი ბიბლიოთეკა წიგნსაცავი 2018-12-17 41.00 547(075.8) Т-65 54216 2018-12-17 54216 2018-12-17 წიგნი 41.00 GEL.